Les communes du Médoc - Statistiques

Statistiques générales
  • Ce quiz a été pris 20 fois
  • Le résultat moyen est 18 sur 59
Statistiques - réponses
1ère lettre Communes % Correct
P Pauillac
80%
L Lesparre-Médoc
67%
L Listrac-Médoc
67%
C Cussac-Fort-Médoc
60%
S Soulac-sur-Mer
60%
A Arsac
53%
C Carcans
53%
C Castelnau-de-Médoc
53%
H Hourtin
53%
L Lamarque
53%
L Le Verdon-sur-Mer
53%
V Vendays-Montalivet
53%
A Avensan
47%
C Cissac-Médoc
47%
L Lacanau
47%
L Le Pian-Médoc
47%
N Naujac-sur-Mer
47%
S Saint-Estèphe
47%
B Blanquefort
40%
M Macau
40%
M Moulis-en-Médoc
40%
L Le Taillan-Médoc
33%
S Saint-Laurent-Médoc
33%
V Vertheuil
33%
L Le Haillan
27%
L Ludon-Médoc
27%
Q Queyrac
27%
S Saint-Aubin-de-Médoc
27%
S Sainte-Hélène
27%
S Saint-Julien-Beychevelle
27%
A Arcins
20%
C Couquèques
20%
J Jau-Dignac-et-Loirac
20%
L Le Porge
20%
L Le Temple
20%
M Margaux-Cantenac
20%
P Parempuyre
20%
S Saint-Médard-en-Jalles
20%
S Saint-Sauveur
20%
S Saint-Vivien-de-Médoc
20%
S Soussans
20%
V Vensac
20%
B Bégadan
13%
B Brach
13%
E Eysines
13%
G Gaillan-en-Médoc
13%
G Grayan-et-l'Hôpital
13%
L Labarde
13%
S Saint-Christoly-Médoc
13%
S Saint-Germain-d'Esteuil
13%
S Saint-Yzans-de-Médoc
13%
S Salaunes
13%
T Talais
13%
C Civrac-en-Médoc
7%
O Ordonnac
7%
S Saumos
7%
V Valeyrac
7%
B Blaignan-Prignac
0%
S Saint-Seurin-de-Cadourne
0%
Aucun quiz correspondant
Distribution des résultats
% des personnes avec chaque résultat
Percentile par nombre de réponses
Votre historique - résultats
Vous n’avez pas pris ce quiz